000 00937nam a2200229 a 4500
001 82485
003 BD-RjUL
005 20231218104051.0
008 231218s2018 bg ||||| |||| 00| 0 ben d
020 _a9789848151075
035 _a(BD-RjUL)82485
040 _aBD-RjUL
_beng
_cBD-RjUL
041 _aben
082 _223
_a954.92409
_bSEU 2018
100 _aসেলিম, জাহাঙ্গীর
_910577
245 _aউত্তরের বাতায়ন চাঁপাই নবাবগঞ্জ /
_cজাহাঙ্গীর সেলিম
260 _aঢাকা :
_bআদিগন্ত প্রকাশন,
_c২০১৮
300 _a৬৮৮ পৃ. :
_bচিত্রসমূহ;
_c২৩ সেমি
650 _aচাঁপাই নবাবগঞ্জ
_xইতিহাস ও সমালোচনা
_910575
650 _aChapai Nawabganj
_xHistory and Criticism
_910576
942 _2ddc
_cBK
999 _c82485
_d82485